Archivische Quellen neu entdecken

Titel: Archivische Quellen neu entdecken : Übernahme von isometrischen Zeichnungen des Dr. Lothar Keck aus dem Landkreis Offenbach / Karina Jaeger
Verfasser:
In: Archivnachrichten aus Hessen, Band 23, Heft 1 (2023), Seite 32-37
alle Artikel anzeigen
Veröffentlicht: 2023
Umfang: Illustrationen
Format: Aufsatz
Sprache: Deutsch
RVK-Notation:
Schlagworte:
Kein Bild verfügbar
X
alg: 50945988
001A    $03029:10-07-23 
001B    $00043:15-02-24 $t08:53:42.000 
001D    $03029:10-07-23 
001U    $0utf8 
001X    $00 
002@    $0Aou 
002C    $aText $btxt $2rdacontent 
002D    $aohne Hilfsmittel zu benutzen $bn $2rdamedia 
002E    $aBand $bnc $2rdacarrier 
003@    $0509459889 
007A    $0509459889 $aHEB 
009P    $3Volltext $uhttps://landesarchiv.hessen.de/geschichte-erleben/archivnachrichten 
010@    $ager 
010E    $erda 
011@    $a2023 
016B    $ahein 
021A    $aArchivische Quellen neu entdecken $dÜbernahme von isometrischen Zeichnungen des Dr. Lothar Keck aus dem Landkreis Offenbach $hKarina Jaeger 
028A    $BVerfasser $4aut $71143723082 $8Jaeger, Karina [Tp3] $9419861777 
031A    $d23 $e1 $h32-37 $j2023 
034M    $aIllustrationen 
039B    $aEnthalten in $8--Abvc--. Archivnachrichten aus Hessen. - Marburg : Hessisches Staatsarchiv, 2001-2023. - ISSN 1865-2816 $x202300000230001968 $9100768636 
044K    $#Kreis Offenbach, Main $#Landkreis Offenbach $#Landkreis Offenbach, Main $#Offenbach Main, Kreis $74043360-2 $8Kreis Offenbach [Tg1] $9085121185 
044K    $RTopografie $RVedute $ROrt $74172885-3 $8Ortsansicht [Ts1] $9085800554 
044K    $74456598-7 $8Isometrie$gMathematik [Ts1] $9088877019 
044K    $RMuseum $#Sammlungen $74128844-0 $8Sammlung [Ts1] $9085448907 
045T    $a8,1 
045Z    $8NZ 62860 [Tkv] $9410974579 
045Z    $8RD 65235 [Tkv] $9411242709 

lok: 50945988 61

exp: 50945988 61 1 #EPN
201B/01 $005-02-24 $t22:04:06.000 
201C/01 $005-02-24 
203@/01 $01255634502 
208@/01 $a05-02-24 $be 
209A/01 $a/ $f000 $x00 
247C/01 $8Frankfurt, Hessische Bibliographie $9112041876 
201U/01 $0utf8 

lok: 50945988 74

exp: 50945988 74 1 #EPN
201B/01 $007-10-24 $t14:38:11.000 
201C/01 $007-10-24 
201U/01 $0utf8 
203@/01 $01276405308 
208@/01 $a07-10-24 $bz 
209A/01 $aG 59/101 $ds $f000 $x00 
245Z/01 $aG 000059/00101 $x01 
247C/01 $8618460-1 <460>Darmstadt, Hessisches Staatsarchiv Darmstadt, Bibliothek $9102600937 

lok: 50945988 103
101B    $010-07-23 $t11:05:19.000 
101C    $010-07-23 
101U    $0utf8 
144Z/01 $aKeck, Lothar / Isometrische Zeichnung 

exp: 50945988 103 1 #EPN
201B/01 $010-07-23 $t11:05:19.000 
201C/01 $010-07-23 
201U/01 $0utf8 
203@/01 $0123973915X 
208@/01 $a10-07-23 $bf 
209A/01 $ain: Z 765 $dd $f000 $hZ 765 $x00 
247C/01 $8658011-7 <2397>Mainz, Stadtarchiv Mainz, Bibliothek $9379188910 

lok: 50945988 105

exp: 50945988 105 1 #EPN
201B/01 $013-07-23 $t15:12:03.000 
201C/01 $013-07-23 
201U/01 $0utf8 
203@/01 $01239850506 
208@/01 $a13-07-23 $be 
209A/01 $a/ $f106 $x00 
237A/01 $aSignatur Archivschule Marburg: AD 100.31 
245Z/01 $a3.10.02. $bArchivwesen des Bundes- und der deutschen Bundesländer / Hessen / Archive und Archivbestände $x01 
247C/01 $8->Marburg, Bibliographie zum Archivwesen der Archivschule Marburg $939588196X
LEADER 00000caa a2200000 c 4500
001 509459889
003 DE-603
005 20240215085342.0
007 tu
008 230710s2023 xx |||| | u00||u|ger c
035 |a (DE-599)HEB509459889 
040 |a DE-603  |b ger  |c DE-603  |d DE-603  |e rda 
041 |a ger 
084 |a 8,1  |2 ssgn 
084 |a NZ 62860  |0 (DE-625)134285:  |0 (DE-603)410974579  |2 rvk 
084 |a RD 65235  |0 (DE-625)142253:12667  |0 (DE-603)411242709  |2 rvk 
100 1 |a Jaeger, Karina  |e Verfasser  |4 aut  |0 (DE-603)419861777  |0 (DE-588)1143723082  |2 gnd 
245 0 0 |a Archivische Quellen neu entdecken  |b Übernahme von isometrischen Zeichnungen des Dr. Lothar Keck aus dem Landkreis Offenbach  |c Karina Jaeger 
264 0 |c 2023 
300 |b Illustrationen 
336 |a Text  |b txt  |2 rdacontent 
337 |a ohne Hilfsmittel zu benutzen  |b n  |2 rdamedia 
338 |a Band  |b nc  |2 rdacarrier 
650 7 |a Ortsansicht  |0 (DE-588)4172885-3  |0 (DE-603)085800554  |2 gnd 
650 7 |a Isometrie  |g Mathematik  |0 (DE-588)4456598-7  |0 (DE-603)088877019  |2 gnd 
650 7 |a Sammlung  |0 (DE-588)4128844-0  |0 (DE-603)085448907  |2 gnd 
651 7 |a Kreis Offenbach  |0 (DE-588)4043360-2  |0 (DE-603)085121185  |2 gnd 
773 0 8 |i Enthalten in  |t Archivnachrichten aus Hessen  |d Marburg : Hessisches Staatsarchiv, 2001-2023  |h 30 cm  |x 1865-2816  |g Band 23, Heft 1 (2023), Seite 32-37  |w (DE-603)100768636  |w (DE-600)2059022-2 
856 4 2 |u https://landesarchiv.hessen.de/geschichte-erleben/archivnachrichten  |3 Volltext 
924 0 |9 603  |a (DE-603)1255634502  |b DE-603  |c HES  |d d 
924 0 |9 460  |a (DE-603)1276405308  |b DE-460  |c HES  |d d  |g G 59/101 
924 0 |9 2397  |a (DE-603)123973915X  |b DE-2397  |c HES  |d d  |g in: Z 765 
924 0 |9 -  |a (DE-603)1239850506  |b DE-  |c HES  |d d  |g /